00383nam a2200157 a 450000100060000000300090000600800410001502000150005604000280007108200190009910000180011824500220013626000370015830000110019565000190020616154CO-ViMGA141112s2004 ck r 000 u spa d a928280145X aCO-ViMGAbspacCO-ViMGA04aCh 861.6 N378s1 aNeruda, Pablo10aSu mejor poesía aBogotá : bCirculo de lectores a469.p.14aPOESIA CHILENA